00374pab a2200133 454500008004000000100001600040245006100056260000900117300001000126362000800136650004200144650001800186773003600204180718b1998 xxu||||| |||| 00| 0 eng d aSingh, O.P. aGrowth and supply responses of oilseeds in Uttar Pradesh c1998 ap.3-8 aApr aVegetable oil - India - Uttar Pradesh aVegetable oil aAgricultural Situation in India